000 00519pab a2200193 454500
008 180718b2010 xxu||||| |||| 00| 0 eng d
100 _aLapuente, Victor
245 _aA tale of two cities: Bureaucratisation in mayor-council and council-manager municipalities
260 _c2010
300 _ap.739-757.
362 _aDec
650 _aMunicipalities
650 _aLocal government
650 _aBureaucracy
650 _aCivil service
773 _aLocal Government Studies
908 _aN
909 _a90359
999 _c90359
_d90359